Personagens de Senhor dos Anéis - Statistics

Estatísticas Gerais
  • Esse quiz foi jogado 306 vezes
    305 desde o último reset
  • A pontuação média é 19 de 37
Estatísticas das Respostas
Letra Inicial Personagem % Correto
F Frodo Bolseiro
95%
G Gandalf
94%
S Samwise Gamgee
94%
A Aragorn
91%
L Legolas Verdefolha
89%
S Sauron
86%
B Bilbo Bolseiro
84%
P Peregrin Tûk
83%
G Gimli
79%
S Saruman
79%
B Boromir
78%
G Galadriel
77%
G Gollum
74%
M Meriadoc Brandebuque
74%
S Sméagol
74%
F Faramir
70%
E Elrond
62%
A Arwen Undómiel
53%
T Théoden
52%
E Éowyn
43%
E Éomer
39%
B Barbárvore
38%
D Denethor
34%
T Tom Bombadil
31%
C Celeborn
30%
G Gríma
30%
I Isildur
29%
G Glóin
26%
E Elendil
24%
A Arathorn
23%
L Laracna
22%
B Balin
20%
H Haldir
18%
T Théodred
12%
F Fundin
4%
E Ecthelion
3%
T Thengel
3%
Nenhum quiz correspondente encontrado
Distribuição das Pontuações
Porcentagem de Pessoas com Cada Pontuação
Percentil de Números Respondidos
Sua Pontuação Histórica
Você não jogou esse quiz desde o último reset